Spirit of C: An introduction to modern programming (Record no. 40624)

MARC details
000 -LEADER
fixed length control field 00325nam a2200121Ia 4500
082 ## - DEWEY DECIMAL CLASSIFICATION NUMBER
Classification number 681.31C
Item number MUL
100 ## - MAIN ENTRY--AUTHOR NAME
Personal name Cooper, Herbert L
245 #0 - TITLE STATEMENT
Title Spirit of C: An introduction to modern programming
260 ## - PUBLICATION, DISTRIBUTION, ETC. (IMPRINT)
Place of publication Bombay
Name of publisher Jaico
Year of publication 1988
700 ## - ADDED ENTRY--PERSONAL NAME
Personal name Mullish, Henry
942 ## - ADDED ENTRY ELEMENTS (KOHA)
Koha item type Books
Holdings
Withdrawn status Lost status Damaged status Not for loan Home library Current library Date acquired Cost, normal purchase price Full call number Accession Number Koha item type
        RRII Library RRII Library 16/12/2021 130.00 681.31C MUL 20922 Books